Anteproyecto de mejoramiento urbano para los repartos Belén 1 y 2, Jinotepe, Carazo
Presenta una propuesta de mejoramiento urbano para los repartos Belén 1 y 2 de la ciudad de Jinotepe, muestra un marco de referencia del sector en el que se indican su valor, característica y entorno urbano, se elabora un diagnóstico que permite conocer la situación actual e identificar sus prin...
| Main Author: | |
|---|---|
| Other Authors: | |
| Format: | Tesis Section = Libro |
| Language: | Undetermined Spanish |
| Published: |
Managua
UNI
2008
|
| Subjects: |
| LEADER | 01225nam a2200253Ia 4500 | ||
|---|---|---|---|
| 008 | 240830s9999 xx 000 0 und d | ||
| 040 | |a BIBLIOTECA-RUSB/ Mon 711.4 C957 | ||
| 041 | |a spa | ||
| 082 | |a Mon 711.4 C957 | ||
| 100 | 1 | |a Cruz Campo, Auxiliadora del Carmen | |
| 245 | 1 | 0 | |a Anteproyecto de mejoramiento urbano para los repartos Belén 1 y 2, Jinotepe, Carazo |
| 260 | |a Managua |b UNI |c 2008 | ||
| 300 | |a 179 p. :il. | ||
| 500 | |a Contiene: anexos. | ||
| 502 | |a Tesis (Arquitecto) - UNI, 2008. | ||
| 520 | 3 | |a Presenta una propuesta de mejoramiento urbano para los repartos Belén 1 y 2 de la ciudad de Jinotepe, muestra un marco de referencia del sector en el que se indican su valor, característica y entorno urbano, se elabora un diagnóstico que permite conocer la situación actual e identificar sus principales problemas y potencialidades, además presenta una propuesta en la que se plantean alternativas para el mejoramiento urbano. | |
| 650 | 7 | |a URBANISMO - CIUDADES - PLANIFICACION | |
| 650 | 7 | |b MEJORAMIENTO URBANO | |
| 650 | 7 | |c PLANIFICACION URBANA | |
| 650 | 7 | |d PLANOS ARQUIETECTONICOS | |
| 700 | 1 | |a Tutor: |b Reyes García, María Auxiliador | |
| 942 | |c BK |2 ddc | ||
| 991 | |a TESIS | ||
| 999 | |c 20888 | ||